A la Fundació Flor de Maig cent joves disminuïts psíquics aprenen a treballar i a viure

Publicado: Barcelona : Diputació de Barcelona , 1984
Descripción Física: 6 pàgs. ; il. b/n ; 28 cm.
Colección: Arrel : revista editada per la Diputació de Barcelona ; Núm. 7 (gener-febrer, 1984) ; pàgs. 43-48

MARC

LEADER 00000nab a2200000 a 4500
001 8160
003 Arxiu
005 20260324195724.0
008 160829s9999 xx 000 0 cat d
245 2 |a A la Fundació Flor de Maig cent joves disminuïts psíquics aprenen a treballar i a viure 
260 |a Barcelona :   |b Diputació de Barcelona ;   |c 1984 
300 |a 6 pàgs. ;   |b il. b/n ;   |c 28 cm. 
490 |a Arrel : revista editada per la Diputació de Barcelona ;   |v Núm. 7 (gener-febrer, 1984) ; pàgs. 43-48  |x 0211-562X 
610 2 0 |a Flor de Maig (Cooperativa)  |9 54173 
650 |a Discapacitats mentals  |x Ensenyament  |9 42357 
856 4 |u https://media.diba.cat/diba/fitxers/arxiu/hemeroteca/arrel/8160/bib_8160_1981_1984_n07_a11_baixa.pdf  |y Accés lliure 
856 4 |u https://media.diba.cat/diba/fitxers/arxiu/hemeroteca/arrel/8160/bib_8160_1981_1984_n07_a11_baixa.pdf  |y bib_8160_1981_1984_n07_a11_baixa.pdf 
900 |a bib_8160_1981_1984_n07_a11_baixa.pdf 
901 |a Arxiu 
942 |n 1  |2 udc  |c Articles de revista 
952 |0 0  |1 0  |2 udc  |4 0  |6 REV93  |7 1  |9 50801  |a Arxiu  |b Arxiu  |d 2016-12-01  |o Rev-93  |r 2016-12-01 00:00:00  |w 2016-12-01  |y ARXIU 
999 |c 54643  |d 54643